Rafael de Ureña y Smenjaud : (Record n. 3605)

Dettagli MARC
000 -LEADER
fixed length control field 00920nam a2200253 i 4500
003 - CONTROL NUMBER IDENTIFIER
control field IT-RoINE
005 - DATE AND TIME OF LATEST TRANSACTION
control field 20201120122713.0
008 - FIXED-LENGTH DATA ELEMENTS--GENERAL INFORMATION
fixed length control field 030217s2002 sp | r 000 0bspa d
020 ## - INTERNATIONAL STANDARD BOOK NUMBER
International Standard Book Number 8489645574
040 ## - CATALOGING SOURCE
Original cataloging agency SpMaBN
Language of cataloging spa
Transcribing agency IT-RoINE
Description conventions rdc
Modifying agency IT-RoINE
100 1# - MAIN ENTRY--PERSONAL NAME
Personal name Ureña Francés, Rosa
9 (RLIN) 7414
245 10 - TITLE STATEMENT
Title Rafael de Ureña y Smenjaud :
Remainder of title una biografía intelectual /
Statement of responsibility, etc Rosa Ureña Francés.
260 ## - PUBLICATION, DISTRIBUTION, ETC. (IMPRINT)
Place of publication, distribution, etc Oviedo :
Name of publisher, distributor, etc Real Instituto de Estudios Asturianos,
Date of publication, distribution, etc 2002.
300 ## - PHYSICAL DESCRIPTION
Extent 230 p. ;
Dimensions 24 cm.
336 ## - CONTENT TYPE
Source rdacontent
Content type term text
337 ## - MEDIA TYPE
Source rdamedia
Media type term unmediated
338 ## - CARRIER TYPE
Source rdacarrier
Carrier type term volume
490 1# - SERIES STATEMENT
Series statement Serie biográfica ;
Volume number/sequential designation 2
504 ## - BIBLIOGRAPHY, ETC. NOTE
Bibliography, etc Bibliografía: p. [221]-230.
600 14 - SUBJECT ADDED ENTRY--PERSONAL NAME
Personal name Ureña y Smenjaud, Rafael de,
Dates associated with a name 1852-1930
General subdivision Biografía
9 (RLIN) 7415
651 #4 - SUBJECT ADDED ENTRY--GEOGRAPHIC NAME
9 (RLIN) 7069
Geographic name España
General subdivision Historia
Chronological subdivision 1874-1902 (Restauración)
830 #0 - SERIES ADDED ENTRY--UNIFORM TITLE
Uniform title Serie biográfica (Real Instituto de Estudios Asturianos) ;
9 (RLIN) 7416
Volume number/sequential designation 2
942 ## - ADDED ENTRY ELEMENTS (KOHA)
Item type Monografías
Dati di copia
Withdrawn status Lost status Damaged status Not for loan Home library Current library Date acquired Total Checkouts Full call number Barcode Date last seen Price effective from Koha item type
        Iglesia Nacional Española en Roma Iglesia Nacional Española en Roma 08/05/2014   BIO 1599 4069 08/05/2014 08/05/2014 Monografías